| 000 | 01039caa a22002417a 4500 | ||
|---|---|---|---|
| 999 |
_c419971 _d419971 |
||
| 001 | 137274 | ||
| 003 | UA-OsUOA | ||
| 005 | 20200213141708.0 | ||
| 007 | ta | ||
| 008 | 20190511b un ||||| |||| 00| 0 ukr d | ||
| 040 |
_aUA-OsUOA _bukr _cUA-OsUOA _dUA-OsUOA |
||
| 041 | _aukr | ||
| 080 | _a908 | ||
| 090 |
_a908 _bЗ-66 |
||
| 100 | _aЗінько О. | ||
| 245 |
_aВідділ рідкісної книги — осередок книгознавчих досліджень (1950 р. – середина 1970-х рр.) _cО. Зінько |
||
| 300 | _aС. 184–188 | ||
| 650 | 7 |
_a908 Краєзнавство _2UDC |
|
| 773 | 0 |
_0397652 _9415852 _dЛьвів ЛННБУ ім. В. Стефаника 2010 _o148109 _tЛьвівська національна наукова бібліотека України імені В. Стефаника: історія і сучасність _w(UA-OsUOA) 111564 _z978-966-02-5593-7 |
|
| 942 |
_cBKA _2udc |
||
| 955 | _a1 | ||